| 000 | 01041nam a2200265Ia 4500 | ||
|---|---|---|---|
| 003 | OSt | ||
| 005 | 20220923211022.0 | ||
| 006 | a|||||r|||| 00| 0 | ||
| 007 | ta | ||
| 008 | 220922b |||||||| |||| 00| 0 hin d | ||
| 020 |
_a8170556678 (hbk) _c225 |
||
| 024 | _a241,202 | ||
| 037 |
_b490, 03/03/2010, Vani Prakashan _cTextual |
||
| 040 |
_aARTS _cARTS _bhin |
||
| 041 |
_2hin _ahin |
||
| 082 | _aO152,6N30x, N9;P9 | ||
| 100 |
_aअवस्थी, देवीशंकर _9156292 |
||
| 245 | 0 |
_aआलोचना का द्वंद्व _b रचना और समय से एक संवाद |
|
| 246 | _aĀlochanā kā dvandva: rachanā aur samaya se ek sanvāda | ||
| 260 |
_aनयी दिल्ली _b वाणी प्रकाशन _c2009 |
||
| 300 |
_a203पृ. _ccm. |
||
| 650 |
_aहिन्दी साहित्य _9156264 |
||
| 942 |
_hO152,6N30x, N9;P9 _cTEXL _2CC |
||
| 999 |
_c294003 _d294003 |
||